000 00363nam a2200157Ia 4500
008 230917s9999||||xx |||||||||||||| ||und||
020 _cPON7.25
040 _e11903
_aMAIN
041 _aEnglish
082 _a543 A13I:D
100 _aIrving, H M N H
245 0 _aDithizone
260 _aLondon
_bChemical Society
_c1977
300 _aiv,106 p.
942 _cBK
999 _c224063
_d224063